| 000 | 01161cam a2200313 a 4500 | ||
|---|---|---|---|
| 001 | 15984508 | ||
| 003 | OSt | ||
| 005 | 20250417124237.0 | ||
| 007 | sd fungnn|||eu | ||
| 008 | 091116s2008 enka 000 0 eng d | ||
| 010 | _a 2009499150 | ||
| 020 | _a9780521715188 (pbk.) | ||
| 035 | _a(OCoLC)ocn443221222 | ||
| 040 |
_aMLN _cMLN _dVYM _dDLC |
||
| 042 | _alccopycat | ||
| 050 | 0 | 0 |
_aPE1128 _b.I323 2008 |
| 082 |
_a428.24911 _bIb Ca |
||
| 100 | 1 |
_aIbbotson, Mark. _95717 |
|
| 245 | 1 | 0 |
_aCambridge English for engineering / _cMark Ibbotson. |
| 260 |
_aCambridge ; _aNew York : _bCambridge University Press, _cc2008. |
||
| 300 |
_a112 p. : _bill. (some col.) ; _c25 cm. + _e2 sound discs (digital ; 4 3/4 in.) |
||
| 490 | 0 | _aCambridge Professional English | |
| 650 | 0 |
_aEnglish language _vTextbooks for foreign speakers. _94734 |
|
| 650 | 0 |
_aEnglish language _xBusiness English. _95718 |
|
| 650 | 0 |
_aEngineering _xTerminology. _95379 |
|
| 856 | 4 | 1 |
_3Table of contents only _uhttp://www.loc.gov/catdir/enhancements/fy1002/2009499150-t.html |
| 856 | 4 | 2 |
_3Publisher description _uhttp://www.loc.gov/catdir/enhancements/fy1002/2009499150-d.html |
| 942 |
_2ddc _cCTBK |
||
| 999 |
_c823 _d823 |
||